000 00413 a2200157 4500
999 _c6766
_d6766
020 _a0908310803
050 _aPL8842.Z3 NLE 1999
100 _aNleya, S.
245 _aInyathelo 3:
_bUgwalo lwabafundi /
_cS. Nleya and J.G. Sibanda
264 _aHarare:
_bLongman;
_c1999
300 _a124p. ;
500 _aNdebele
650 _aNdebele Literature
700 _aSibanda, J.G.
942 _2lcc
_cBK
_h8842.Z3
_iNLE
_kPL